LEGO Spider-Man: Across the Spider-Verse (2023) Minifigures by Picture - Statistics

General Stats
  • This quiz has been taken 18 times
  • The average score is 15 of 18
Answer Stats
Picture Answer % Correct
Radioactive Spider
100%
Spider-Cat
100%
Spider-Horse
100%
Spider-Man 2099
100%
Spider-Man (Miles Morales)
100%
Spider-Woman
100%
Spider-Man India
93%
Spider-Man (Peter B. Parker)
93%
Werewolf Spider-Man
93%
Spider-Punk
87%
The Spot
87%
Prowler
80%
Jefferson Davis
73%
May "Mayday" Parker
73%
Cyborg Spider-Woman
60%
Spider-Byte
60%
Sun-Spider
53%
Web-Slinger
40%
No matching quizzes found
Score Distribution
Percent of People with Each Score
Percentile by Number Answered
Your Score History
You have not taken this quiz